00622nam a2200181 a 450000100100000000500170001000800410002702000180006804000250008608200070011124501100011826000520022830000210028050400320030170000290033370000300036271000480039200004833420201002061058.0190207s2016 dr 000 0 spa d a9789945167658 aDO-SdBNPbspacBNPHU bxx00aInnovación interamericana en educación superior. /cCompiladores Patricia Gudiño, Miguel J. Escala. aSanto Domingo :bInnovación Educativa,c2016. a334 p. ;c22 cm. aBibliografía : p. 325-3261 aEscala, Miguel J.ecomp.1 aGudiño, Patriciaecomp.2 aOrganización Universitaria Interamericana